02213nam a2200313 i 4500001001000000003000900010005001700019007000300036008004100039020001500080040003000095041000800125082003100133110004700164245013400211250002300345264007400368300004500442336002800487337003500515338003000550504003800580505109300618650003801711650004801749700004701797700002701844700002801871000039356DO-SdBNP20251212082729.0ta130625s1999 dr a 000 0 spa d a8489953171 aDO-SdBNPbspacBNPHUerda aspa 4a929.6097293bE93e 19992222 aBanco Central de la República Dominicana10aEvolución del escudo dominicano /cedición, José Alcántara Almánzar ; ilustraciones Luis Aguasvivas y Roberto Lantigua. aSegunda edición  4aSanto Domingo :bBanco Central de la República Dominicana,c©1999. a127 páginas :bilustraciones ;c24 cm. atextobtxt2rdacontent  asin mediación bn2rdamedia  avolumen bnc2rdacarrier  aBibliografía: páginas 125-127 aPresentación, 3 -- Recorrido por la sala de exposición temporales, 5 -- Himno al escudo nacional, 6 PRIMERA VITRINA -- Armas nacionales, 1844, 7 -- Panel No.1. Armas nacionales, 1844, 7 -- Panel No. 2. Armas nacionales, 1848, 8 -- Panel No.3. Escudo nacional, 1848, 8 -- Panel No.4. Armas nacionales, 1849, 10 -- Panel No.5. Armas nacionales, 1853, 11 -- Panel No.6. Escudo nacional, 1857, 11 -- Panel No.7. Escudo nacional, 1860, 12 -- Panel No.8. Escudo nacional, 1866, 12 -- Panel No.9. Escudo nacional, 1867, 14 -- Panel No.10. Escudo nacional, 1870, 70 -- Panel No.11. Escudo nacional, 1874, 16 -- Panel No.12. Escudo nacional, 18886, 18 -- Panel No.13. Escudo nacional, 1889, 19 -- Panel No.14. Escudo nacional, 1898, 24 -- Panel No.15. Escudo nacional, 1905, 26 -- Serie del escudo, 26 -- Panel No.16. Escudo nacional, 1909, 27 -- Panel No.17. Escudo nacional, 1913, 28 -- Panel No.18. Escudo nacional, 1916, 31 -- Panel No.19. Escudo nacional, 1982, 33 -- Panel No.20. Escudo nacional, 1983, 36 -- SEGUNDA VITRINA -- Escudo nacional, 2010, 38 -- Bibliografía consultada, 41. 4aHeraldicazRepública Dominicana 4aDivisas (heraldica)zRepública Dominicana1 aAlcántara Almánzar, Joséd1946-eed.1 aAguasvivas, Luis,eil.1 aLantigua, Roberto,eil.